Using translation in ECP classes

Bibliographic Details
Main Author: Fischerová, Zuzana (Author)
Format: Article
Language:English
ISBN:9788080753559
Subjects:

MARC

LEADER 00000nab a2200000 ar4500
001 vtls010079027
003 SK-MaSNL
005 20260426065744.0
008 100324c2008 xo |r|||||||||000 b|eng
015 |a SNBRA2010/03  |2 snkbucl 
038 |a SNKBUCL 
040 |a SNKBUCL  |b slo  |c SNKBUCL  |e AACR2 
041 0 |a eng 
044 |a xo  |c SK 
080 |a 81`24  |2 2001 
080 |a 371.31:811.1/.9  |2 2001 
080 |a 371.3  |2 2001 
080 |a 811.1/.9:37  |2 2001 
100 1 |a Fischerová, Zuzana  |4 aut  |9 417801 
245 1 0 |a Using translation in ECP classes  |c Zuzana Fischerová 
504 |a Literatúra 
546 |a Abstrakt angl. 
650 0 7 |a angličtina  |2 snkbucl  |9 1260 
650 0 7 |a vyučovanie jazykov  |2 snkbucl  |9 31418 
650 0 7 |a počúvanie s porozumením  |2 snkbucl  |9 111628 
650 0 7 |a didaktika  |2 snkbucl  |9 3484 
650 0 7 |a angličtina pre špecifické účely  |2 snkbucl  |9 1305419 
655 7 |a štúdie  |2 snkbucl  |9 57033 
773 0 |t Cudzie jazyky v kontexte odbornej komunikácie : zborník vedeckých prác  |d Trenčín : Trenčianska univerzita Alexandra Dubčeka, 2008  |g S. 56-58  |z 9788080753559 
852 |a SNK  |b KIS3GCP 
958 |a NB 
999 |c 2639621  |d 2641551